All Countries by Capital - South America - Statistics

General Stats
  • This quiz has been taken 15 times
  • The average score is 12 of 13
Answer Stats
Capitals Countries % Correct
Buenos Aires Argentina
100%
Sucre Bolivia
100%
Brasília Brazil
100%
Santiago Chile
100%
Bogotá Colombia
100%
Lima Peru
100%
Montevideo Uruguay
100%
Caracas Venezuela
100%
Quito Ecuador
92%
Asunción Paraguay
92%
Paramaribo Suriname
92%
Georgetown Guyana
85%
La Paz Bolivia
54%
No matching quizzes found
Score Distribution
Percent of People with Each Score
Percentile by Number Answered
Your Score History
You have not taken this quiz